header

Persistent offender law (Record no. 72626)

MARC details
000 -LEADER
fixed length control field 01634nam a22003614a 4500
082 04 - DEWEY DECIMAL CLASSIFICATION NUMBER
Classification number 345.73/03
100 1# - MAIN ENTRY--AUTHOR NAME
Personal name Rodriguez, Nancy.
245 10 - TITLE STATEMENT
Title Persistent offender law
260 ## - PUBLICATION, DISTRIBUTION, ETC. (IMPRINT)
Place of publication New York :
Name of publisher LFB Scholarly Pub.,
Year of publication 2003.
300 ## - PHYSICAL DESCRIPTION
Number of Pages viii, 144 p.
490 1# - SERIES STATEMENT
Series statement Criminal justice recent scholarship
505 0# - FORMATTED CONTENTS NOTE
Formatted contents note Crime control through sentencing severity -- Sentencing mechanisms and courtroom culture -- Three strikes law and racial disparity -- Methodology -- Analytical results.
650 #0 - SUBJECT ADDED ENTRY--TOPICAL TERM
Topical Term Recidivists
Topical Term Sentences (Criminal procedure)
Topical Term Preventive detention
856 40 - ELECTRONIC LOCATION AND ACCESS
Uniform Resource Identifier http://site.ebrary.com/lib/rucke/Doc?id=10056592

No items available.

© 2026 Rongo University
Contact us: librarian | system librarian | Rongo university